书目信息 |
| 题名: |
尤利斯·恺撒
|
|
| 作者: | 莎士比亚 , Shakespeare 著 ;曹未风 译 | |
| 分册: | ||
| 出版信息: | 上海 上海译文出版社 1983 |
|
| 页数: | 122页 | |
| 开本: | 19cm | |
| 丛书名: | ||
| 单 册: | ||
| 中图分类: | I561.33 , I561.3 | |
| 科图分类: | ||
| 主题词: | 剧本--英国--中世纪 | |
| 电子资源: | ||
| ISBN: | ||
| 000 | 00865nam0 2200313 45 | |
| 001 | 0183010435 | |
| 005 | 20040409102341.5 | |
| 010 | @dCNY0.42 | |
| 091 | @aCN@b10188.428 | |
| 100 | @a19950719d1983 em y0chiy0121 ea | |
| 101 | 1 | @achi@ceng |
| 102 | @aCN@b310000 | |
| 105 | @ay z 000by | |
| 106 | @ar | |
| 200 | 10 | @a尤利斯·恺撒@Ayou li si kai sa@f(英)莎士比亚(W.Shakesperare)著@g曹未风译 |
| 205 | @a新1版 | |
| 210 | @a上海@c上海译文出版社@d1983 | |
| 215 | @a122页@d19cm | |
| 300 | @a书名原文:Julius Caesar | |
| 510 | 1 | @aJulius Caesar@zeng |
| 606 | @a剧本@y英国@z中世纪 | |
| 690 | @aI561.33@v3 | |
| 690 | @aI561.3 | |
| 701 | 1 | @a莎士比亚@Asha shi bi ya@bW.@4著 |
| 701 | A1 | @aShakespeare@bW.@4著 |
| 702 | 0 | @a曹未风@Acao wei feng@4译 |
| 801 | 0 | @aCN@b上海图书馆@c20040409 |
| 801 | 2 | @aCN@bNLC@c20040409 |
| 905 | @f1@b144934@dI561.3@e101 | |
| 尤利斯·恺撒/(英)莎士比亚(W.Shakesperare)著/曹未风译.-新1版.-上海:上海译文出版社,1983 |
| 122页;19cm |
| 书名原文:Julius Caesar |
| ISBN :CNY0.42 |
| ● |
| 相关链接 |
|
|
|
|
正题名:尤利斯·恺撒
索取号:I561.3/101
 
预约/预借
| 序号 | 登录号 | 条形码 | 馆藏地/架位号 | 状态 | 备注 |
| 1 | 0102311 | 000679616 | 密集书库/ [索取号:I561.3/101] | 在馆 | |
| 2 | 0102312 | 000679661 | 密集书库/ [索取号:I561.3/101] | 在馆 | |
| 3 | 0102313 | 000679402 | 第一样本阅览室/ [索取号:I561.3/101] | 在馆 | |
| 4 | 0144934 | 000679607 | 密集书库/ [索取号:I561.3/101] | 在馆 | |
| 5 | 0144935 | 000679572 | 密集书库/ [索取号:I561.3/101] | 在馆 | |
| 6 | 0144936 | 000679634 | 密集书库/ [索取号:I561.3/101] | 在馆 | |
| 7 | 0144937 | 000679590 | 密集书库/ [索取号:I561.3/101] | 在馆 | |
| 8 | 0144938 | 000679581 | 第二借阅区/ [索取号:I561.3/101] | 在馆 |